00702nam a22002297a 450000100060000000300090000600500170001500800420003202000150007404000220008910000360011124500820014725000120022926000370024130000290027849000260030749000090033350000630034270000280040583000290043383000100046200260DO-SdBNP20180220140944.0151026b sp 1990 a | |||| 00| 0 spa d a8434821745 aBPMSUbspacBPMSU1 aBallaz Zabalza, Jesús,d1946-10aEl collar del lobo / cJesús Ballaz Zabalza ; ilustraciones Antonio Lancho. 34ª ed. aMadrid : bEdiciones SM, c1990. a155 p. : bil. c19 cm.  aEl barco de vaporv40 aRoja 3Incluye datos del autor en la solapa de la contracubierta. aLancho, Antonio, cil.  aEl barco de vapor ; n40 aRoja